Cố sự ngụ ngôn
Sách bao gồm hai trăm mẩu chuyện ngụ ngôn Trung Quốc tiêu biểu để đáp ứng nhu cầu bạn đọc tìm hiểu thêm về kho tàng truyện cổ nói chung và truyện ngụ ngôn nói riêng.
Uloženo v:
| Další autoři: | |
|---|---|
| Médium: | Kniha |
| Jazyk: | Vietnamese |
| Vydáno: |
Cà Mau
Mũi Cà Mau
2003
|
| Témata: | |
| Tagy: |
Přidat tag
Žádné tagy, Buďte první, kdo otaguje tento záznam!
|
| Thư viện lưu trữ: | Thư viện Trường Đại học Nam Cần Thơ |
|---|
| LEADER | 00926nam a22001937a 4500 | ||
|---|---|---|---|
| 001 | NCT_71125 | ||
| 008 | 190926b xxu||||| |||| 00| 0 vie d | ||
| 999 | |c 3461 |d 3461 | ||
| 020 | |c 32000 | ||
| 082 | 0 | 4 | |2 23rd ed. |a 177 |b C450 |
| 245 | 1 | 0 | |a Cố sự ngụ ngôn |c Trí Tuệ (dịch) |
| 260 | |a Cà Mau |b Mũi Cà Mau |c 2003 | ||
| 300 | |a 293 tr. |c 19cm | ||
| 520 | 3 | |a Sách bao gồm hai trăm mẩu chuyện ngụ ngôn Trung Quốc tiêu biểu để đáp ứng nhu cầu bạn đọc tìm hiểu thêm về kho tàng truyện cổ nói chung và truyện ngụ ngôn nói riêng. | |
| 653 | |a Sách tham khảo | ||
| 700 | 0 | |a Trí Tuệ |e Dịch | |
| 942 | |2 ddc |c BK | ||
| 952 | |0 0 |1 0 |2 ddc |4 0 |6 177_000000000000000_C450 |7 0 |9 18034 |a 000001 |b 000001 |d 2019-09-26 |o 177 C450 |p TK.01193 |r 2019-09-26 |v 32000.00 |w 2019-09-26 |y BK | ||
| 980 | |a Thư viện Trường Đại học Nam Cần Thơ | ||